000
00208 a2200097 4500
001
928
100
_a
Tukner,R.P
245
_a
Basic electronic text instruments
260
_a
_b
Rinehart
_c
090
_c
518
_d
518
942
_a
NUST-CAE
_c
M
_c
31578
999
_c
236001
_d
236001